00651 2200253 4500001002100000005001700021008004100038020002200079035002500101040001200126082001700138084001700155090001700172100001800189245003300207260003000240300003200270500001100302650002100313850001200334990001700346990001700363990001700380INLIS00000000000015420150220103418.0  a978-0-7946-5008-7 a0010-101400000000049 aYOPDYOG a641.52 Dek S a641.52 Dek S a641.52 Dek S aDEKURA, Hideo aSushi modernc/ Hideo Dekura aSingaporebPeriplusc2002 a111 hlm.b: ilus. ;c24 cm. aIndeks aMasakan - Jepang aYOPDYOG a8155-PD/B.14 a8156-PD/B.14 a8157-PD/B.14